Construction and engineering law (Record no. 103108)

MARC details
000 -LEADER
fixed length control field 01511cam a2200289 4500
008 - FIXED-LENGTH DATA ELEMENTS--GENERAL INFORMATION
fixed length control field 031008n2003 000 0 eng u
020 ## - INTERNATIONAL STANDARD BOOK NUMBER
International Standard Book Number 0406965080
035 ## - SYSTEM CONTROL NUMBER
System control number (Sirsi) u123866
041 ## - LANGUAGE CODE
Language code of text/sound track or separate title eng
050 ## - LIBRARY OF CONGRESS CALL NUMBER
Classification number 690.02642
-- 18
245 ## - TITLE STATEMENT
Title Construction and engineering law
Remainder of title a guide for project managers
260 ## - PUBLICATION, DISTRIBUTION, ETC.
Place of publication, distribution, etc. London
Name of publisher, distributor, etc. LexisNexis Butterworths
Date of publication, distribution, etc. 2003
300 ## - PHYSICAL DESCRIPTION
Extent xxxi, 314p.
Dimensions 24cm.
350 ## - PRICE (NR) (BK AM CF MU VM SE) [OBSOLETE]
Price 40.50
520 ## - SUMMARY, ETC.
Summary, etc. Aimed at project managers in construction and engineering, this practical and concise guide explains key legal topics including: the liability of project managers; extending and limiting liability; project managers' appointments; duties arising under the terms of construction contracts; health and safety issues; professional indemnity insurance; and dispute resolution. Outlines key legislation including the Housing Grants, Construction and Regeneration Act 1996, the Building Act 1984 and the Building Regulations, the Environmental Protection Act 1990 and the Contracts (Rights of Third Parties) Act 1999. Table of cases and bibliography.
650 ## - SUBJECT ADDED ENTRY--TOPICAL TERM
Topical term or geographic name entry element DISPUTE RESOLUTION
9 (RLIN) 6236
650 ## - SUBJECT ADDED ENTRY--TOPICAL TERM
Topical term or geographic name entry element PROFESSIONAL INDEMNITY INSURANCE
650 ## - SUBJECT ADDED ENTRY--TOPICAL TERM
Topical term or geographic name entry element BUILT ENVIRONMENT-BUILDING CONTRACT FORMS
650 ## - SUBJECT ADDED ENTRY--TOPICAL TERM
Topical term or geographic name entry element HEALTH AND SAFETY
9 (RLIN) 6244
650 ## - SUBJECT ADDED ENTRY--TOPICAL TERM
Topical term or geographic name entry element PROFESSIONAL LIABILITY
650 ## - SUBJECT ADDED ENTRY--TOPICAL TERM
Topical term or geographic name entry element CONSTRUCTION LAW
650 ## - SUBJECT ADDED ENTRY--TOPICAL TERM
Topical term or geographic name entry element PROJECT MANAGERS
690 ## - LOCAL SUBJECT ADDED ENTRY--TOPICAL TERM (OCLC, RLIN)
Topical term or geographic name as entry element BUILDING AND CONSTRUCTION-LAW
700 ## - ADDED ENTRY--PERSONAL NAME
Personal name Marsden, Sally
International Standard Serial Number Editor
700 ## - ADDED ENTRY--PERSONAL NAME
Personal name Makepeace, Pauline J.
International Standard Serial Number Editor
942 ## - ADDED ENTRY ELEMENTS (KOHA)
Suppress in OPAC 0
Holdings
Withdrawn status Lost status Source of classification or shelving scheme Damaged status Not for loan Home library Current library Shelving location Date acquired Cost, normal purchase price Total Checkouts Full call number Barcode Date last seen Date last checked out Copy number Cost, replacement price Price effective from Koha item type
    Dewey Decimal Classification     London London Books 17/10/2003 40.50 16 690.02642 MAR 30067852 06/08/2019 09/03/2009 1 40.50 06/08/2019 Book